Top Scorer of Every Premier League Team - 2022/23 - Statistics

General Stats
  • This quiz has been taken 80 times
  • The average score is 16 of 20
Answer Stats
Team Answer Goals Country % Correct
Manchester City Erling Haaland 36 Norway
99%
Tottenham Hotspur Harry Kane 30 England
99%
Chelsea Kai Havertz 7 Germany
99%
Liverpool Mohamed Salah 19 Egypt
99%
Arsenal Gabriel Martinelli / Martin Ødegaard 15 Brazil / Norway
97%
Manchester United Marcus Rashford 17 England
94%
Aston Villa Ollie Watkins 15 England
94%
Brighton & Hove Albion Alexis Mac Allister 10 Argentina
90%
Brentford Ivan Toney 20 England
90%
Fulham Aleksandar Mitrovic 14 Serbia
88%
West Ham United Saïd Benrahma / Jarrod Bowen 6 Algeria / England
87%
Crystal Palace Eberechi Eze 10 England
80%
Newcastle United Callum Wilson 18 England
78%
Wolverhampton Wanderers Daniel Podence / Rúben Neves 6 Portugal
68%
Leeds United Rodrigo 13 Spain
67%
Southampton James Ward-Prowse 9 England
59%
Nottingham Forest Taiwo Awoniyi 10 Nigeria
58%
Leicester City Harvey Barnes 13 England
57%
AFC Bournemouth Philip Billing 7 Denmark
46%
Everton Dwight McNeil 7 England
41%
No matching quizzes found
Score Distribution
Percent of People with Each Score
Percentile by Number Answered
Your Score History
You have not taken this quiz